000 00917nam a22002537a 4500
999 _c161875
_d161875
005 20190807123432.0
010 _a1819CHEN B-717516-536
020 _a9789384225414
_c199.00
035 _aB-717516-536
035 _aB-728521
037 _bPragati Publications
082 _aS
100 _aStevenson, Robert Louis
245 _aKidnapped /
_cby Robert Louis Stevenson; adapted by Swayam Ganguly
260 _aNew Delhi
_bOm Kidz
_c2018
270 _a107, Ansari Road, Darya Ganj
_bNew Delhi
_e110002
300 _a240p.:
_bill.
_c20cm(Hb)
490 _aOm illustrated classics
500 _aAirport
700 _aGanguly,Swayam
942 _2ddc
_cCH
_mSTE
_hS